| 000 | 01221nam a2200325 i 4500 | ||
|---|---|---|---|
| 001 | bg | ||
| 003 | KOSZ 005 | ||
| 005 | 20220117104104.0 | ||
| 008 | 071018s1966 pl a f 001 0 pol | ||
| 015 | _aPB 1967/525 | ||
| 040 |
_aWA N _cKOSZ 005/RW _dKOSZ 005/RW |
||
| 041 | 1 |
_apol _heng |
|
| 080 | _a512 | ||
| 100 | 1 |
_aBirkhoff, Garrett _d(1911-1996). |
|
| 245 | 1 | 0 |
_aPrzegląd algebry współczesnej / _cG. Birkhoff, S. MacLane ; [tł. A. Ehrenfeucht i A. Wł. Mostowski]. |
| 246 | 1 |
_iTyt. oryg.: _aSurvey of modern algebra. |
|
| 250 | _aWyd. 3 fot. | ||
| 260 |
_aWarszawa : _bPaństwowe Wydawnictwo Naukowe, _c1966. |
||
| 300 |
_a506, [1] s. : _bil. ; _c25 cm. |
||
| 380 | _aKsiążki. | ||
| 500 | _aTyt. oryg.: A survey of modern algebra, 1954. | ||
| 504 | _aBibliogr. s. [487]-489. Indeks. | ||
| 650 | 4 | _aAlgebra | |
| 700 | 1 |
_aMac Lane, Saunders _d(1909-2005). |
|
| 700 | 1 |
_aEhrenfeucht, Andrzej _d(1932- ). _eTł. |
|
| 710 | 2 |
_aPaństwowe Wydawnictwo Naukowe _4pbl. |
|
| 700 | 1 |
_aMostowski, Andrzej Włodzimierz _d(1931-2021) _eTłumaczenie |
|
| 856 |
_uhttp://koha.tu.koszalin.pl/cgi-bin/koha/opac-detail.pl?biblionumber=10852 _yKatalog online BPK |
||
| 942 |
_2UKD _cKS |
||
| 999 |
_c10852 _d10852 |
||